Issues in democratic consolidation : (Record no. 6007)
[ view plain ]
| 000 -LEADER | |
|---|---|
| fixed length control field | 00956pam a2200229 a 4500 |
| 005 - DATE AND TIME OF LATEST TRANSACTION | |
| control field | 20260205112713.0 |
| 008 - FIXED-LENGTH DATA ELEMENTS--GENERAL INFORMATION | |
| fixed length control field | 910522s1992 inua b 001 0 eng |
| 020 ## - INTERNATIONAL STANDARD BOOK NUMBER | |
| International Standard Book Number | 0268012105 |
| 020 ## - INTERNATIONAL STANDARD BOOK NUMBER | |
| International Standard Book Number | 9780268012106 |
| 040 ## - CATALOGING SOURCE | |
| Original cataloging agency | KABLIB |
| Transcribing agency | KABLIB |
| Description conventions | rda |
| 082 00 - DEWEY DECIMAL CLASSIFICATION NUMBER | |
| Classification number | 320.98 |
| Edition number | 23 |
| Item number | ISS |
| 245 00 - TITLE STATEMENT | |
| Title | Issues in democratic consolidation : |
| Remainder of title | the new South American democracies in comparative perspective / |
| Statement of responsibility, etc. | edited by Scott Mainwaring, Guillermo O'Donnell, J. Samuel Valenzuela. |
| 260 ## - PUBLICATION, DISTRIBUTION, ETC. | |
| Place of publication, distribution, etc. | Notre Dame, Ind. : |
| Name of publisher, distributor, etc. | University of Notre Dame Press, |
| Date of publication, distribution, etc. | c1992. |
| 300 ## - PHYSICAL DESCRIPTION | |
| Extent | vii, 357 p. : |
| Other physical details | ill. ; |
| Dimensions | 24 cm. |
| 504 ## - BIBLIOGRAPHY, ETC. NOTE | |
| Bibliography, etc. note | Includes bibliographical references, index. |
| 650 #0 - SUBJECT ADDED ENTRY--TOPICAL TERM | |
| Topical term or geographic name entry element | Democracy |
| Geographic subdivision | South America |
| General subdivision | History |
| Chronological subdivision | 20th century. |
| 9 (RLIN) | 15166 |
| 651 #0 - SUBJECT ADDED ENTRY--GEOGRAPHIC NAME | |
| Geographic name | South America |
| General subdivision | Politics and government |
| Chronological subdivision | 1980- |
| 9 (RLIN) | 15167 |
| 700 1# - ADDED ENTRY--PERSONAL NAME | |
| Personal name | Mainwaring, Scott, |
| Dates associated with a name | 1954- |
| 9 (RLIN) | 15168 |
| 700 1# - ADDED ENTRY--PERSONAL NAME | |
| Personal name | O'Donnell, Guillermo A. |
| 9 (RLIN) | 15169 |
| 700 1# - ADDED ENTRY--PERSONAL NAME | |
| Personal name | Valenzuela, J. Samuel |
| Fuller form of name | (Julio Samuel) |
| 9 (RLIN) | 15170 |
| 942 ## - ADDED ENTRY ELEMENTS (KOHA) | |
| Source of classification or shelving scheme | Dewey Decimal Classification |
| Koha item type | Book |
| Withdrawn status | Lost status | Source of classification or shelving scheme | Damaged status | Not for loan | Home library | Current library | Shelving location | Date acquired | Source of acquisition | Total Checkouts | Full call number | Barcode | Date last seen | Price effective from | Koha item type |
|---|---|---|---|---|---|---|---|---|---|---|---|---|---|---|---|
| Dewey Decimal Classification | Mukombe Library | Mukombe Library | Open Access Section | 05.02.2026 | Donation | 320.98 ISS | 14494 | 05.02.2026 | 05.02.2026 | Book |